|
|
|
|
| LEADER |
00754nam a2200205 a 4500 |
| 001 |
c000088266 |
| 003 |
CARM |
| 005 |
00000000000000.0 |
| 008 |
930112n enk 00011 eng d |
| 019 |
1 |
|
|a 9727332
|5 LACONCORD2021
|
| 035 |
|
|
|a (OCoLC)221282006
|5 LACONCORD2021
|
| 040 |
|
|
|a VLINC
|c VLINC
|
| 100 |
1 |
|
|a Hales, A. G.
|q (Alfred Greenwood),
|d 1860-1936.
|
| 245 |
1 |
0 |
|a McGlusky the filibuster /
|c by A. G. Hales.
|
| 260 |
|
|
|a London :
|b Wright & Brown,
|c [193-?]
|
| 300 |
|
|
|a 160 p. ;
|c 20 cm.
|
| 852 |
8 |
|
|b CARM
|h A2:AG32G0
|i A01424
|p 0128633
|f BK
|
| 082 |
0 |
4 |
|a 823.912
|2 20
|
| 999 |
f |
f |
|i 1ffa5052-9907-5cc2-82d9-426128858cf0
|s abbc0a3c-3a57-5fe2-85d0-5ee53dc41ad7
|
| 952 |
f |
f |
|p Can circulate
|a CAVAL
|b CAVAL
|c CAVAL
|d CARM 1 Store
|e A01424
|f A2:AG32G0
|h Other scheme
|i book
|m 0128633
|